[Event "HEM"]
[Site "?"]
[Date "1995.??.??"]
[Round "?.1"]
[White "Joecks, C."]
[Black "Michna, C."]
[Result "1-0"]
[WhiteElo "2370"]
[BlackElo "2255"]
[PlyCount "73"]
[EventDate "1995.??.??"]

1. e4 c5 2. Nf3 Nc6 3. d4 cxd4 4. Nxd4 e5 5. Nb5 d6 6. Bc4 Nf6 7. O-O h6 8. Be3
Be7 9. f3 O-O 10. N5c3 Be6 11. Nd5 Rc8 12. Nbc3 Nh5 13. Bb3 Bg5 14. Qd2 Bxe3+
15. Nxe3 Nd4 16. Ncd5 Qg5 17. Rad1 Nf4 18. c3 Nde2+ 19. Kh1 Bxd5 20. Bxd5 Nxd5
21. Nxd5 Nf4 22. Nxf4 exf4 23. Qxd6 Rfd8 24. Qb4 Rxd1 25. Rxd1 Rd8 26. Rxd8+
Qxd8 27. Qd4 Qa5 28. a3 Qb5 29. c4 Qb3 30. h3 Qc2 31. Qxa7 Qc1+ 32. Kh2 Qxb2
33. Qb8+ Kh7 34. Qxf4 Qxa3 35. Qxf7 Kh8 36. e5 Qe3 37. e6 1-0

[Event "HEM"]
[Site "?"]
[Date "1995.??.??"]
[Round "?.1"]
[White "Schulz, H.J."]
[Black "Kunsztowicz, U."]
[Result "0-1"]
[WhiteElo "2245"]
[BlackElo "2315"]
[PlyCount "68"]
[EventDate "1995.??.??"]

1. e4 c5 2. b4 cxb4 3. Bb2 d5 4. exd5 Qxd5 5. d4 Nf6 6. c4 Qd8 7. a3 e6 8. axb4
Bxb4+ 9. Nd2 Ne4 10. Ngf3 Qf6 11. Qe2 Nxd2 12. Nxd2 Nc6 13. Qe3 O-O 14. O-O-O
e5 15. dxe5 Qg6 16. Nf3 Be7 17. Ba3 Bxa3+ 18. Qxa3 Be6 19. Bd3 Bf5 20. Be2 a5
21. Qe3 Bg4 22. Bd3 Qh5 23. Rde1 Nb4 24. Bb1 Rac8 25. Ng5 h6 26. h4 Rxc4+ 27.
Kb2 Rfc8 28. f3 Rc2+ 29. Kb3 hxg5 30. fxg4 Qxg4 31. Qe4 R8c3+ 32. Ka4 Qd7+ 33.
Kxa5 Ra3+ 34. Kxb4 Qa4# 0-1

[Event "HEM"]
[Site "?"]
[Date "1995.??.??"]
[Round "?.1"]
[White "Menk, R."]
[Black "Maahs, E."]
[Result "0-1"]
[WhiteElo "2305"]
[BlackElo "2235"]
[PlyCount "110"]
[EventDate "1995.??.??"]

1. Nf3 d5 2. g3 Bg4 3. Bg2 Nd7 4. O-O Ngf6 5. d3 e6 6. Qe1 Be7 7. e4 dxe4 8.
dxe4 O-O 9. e5 Nd5 10. a3 c6 11. c4 N5b6 12. Qe2 Qc7 13. Nbd2 a5 14. b3 Rfd8
15. Qe3 Nc5 16. Nd4 Bh5 17. Re1 Bg6 18. Bf1 Rd7 19. Bb2 Rad8 20. N2f3 Nc8 21.
h4 Qb6 22. Be2 Bh5 23. Rad1 Na6 24. Rd2 Bxf3 25. Bxf3 c5 26. Red1 cxd4 27. Bxd4
Qc7 28. Bb2 Rxd2 29. Rxd2 Rxd2 30. Qxd2 Na7 31. h5 Nc6 32. Qe3 Qd7 33. h6 g6
34. Bxc6 Qxc6 35. Qa7 Qd7 36. Qa8+ Bf8 37. Kg2 a4 38. bxa4 Qc6+ 39. Kh2 Qxc4
40. Qxb7 Bxh6 41. Qb5 Qc8 42. Qd3 Bf8 43. a5 Bc5 44. f3 h5 45. Kh3 Qb7 46. Bc1
Be7 47. g4 Nc5 48. Qc3 hxg4+ 49. Kxg4 Qb5 50. Bg5 Bf8 51. Bd8 Qe2 52. Bf6 Nd3
53. a6 Qg2+ 54. Kh4 Qh2+ 55. Kg4 Nf2+ 0-1

[Event "HEM"]
[Site "?"]
[Date "1995.??.??"]
[Round "?.1"]
[White "Nogly, C."]
[Black "Ritscher, J.P."]
[Result "0-1"]
[WhiteElo "2230"]
[BlackElo "2300"]
[PlyCount "150"]
[EventDate "1995.??.??"]

1. d4 d5 2. c4 e6 3. Nf3 f5 4. Nc3 Nf6 5. Bf4 c6 6. e3 Bd6 7. Bd3 O-O 8. Qc2
Ne4 9. Bxd6 Nxd6 10. Ne5 Nd7 11. Nxd7 Bxd7 12. c5 Ne4 13. O-O e5 14. Ne2 Qe7
15. Rae1 exd4 16. exd4 Qf6 17. Bxe4 fxe4 18. f3 exf3 19. Rxf3 Qe7 20. Ref1 Rxf3
21. Rxf3 Bg4 22. Rf2 Qe3 23. Qc3 Re8 24. Qxe3 Rxe3 25. Nc1 Re4 26. h3 Bh5 27.
Nb3 Be2 28. Nd2 Re3 29. Nb3 Bc4 30. Na5 Re1+ 31. Kh2 Ba6 32. Rd2 Kf7 33. Kg3
Ke6 34. Kf2 Rf1+ 35. Ke3 Kf5 36. a4 h5 37. b4 Re1+ 38. Kf3 Rb1 39. g4+ hxg4+
40. hxg4+ Kg5 41. b5 cxb5 42. axb5 Rxb5 43. Ra2 Rb1 44. c6 bxc6 45. Nxc6 Bc8
46. Rxa7 Bxg4+ 47. Kg3 Rb3+ 48. Kf2 g6 49. Ra5 Rf3+ 50. Kg2 Rf6 51. Ne5 Bf5 52.
Kg3 Be4 53. Ra1 Rb6 54. Rg1 Rb2 55. Nf7+ Kf6 56. Rf1+ Bf5 57. Ne5 Rd2 58. Nf3
Rd3 59. Kf2 Kg7 60. Rg1 Be4 61. Ng5 Kf6 62. Nxe4+ dxe4 63. Ke2 g5 64. Rf1+ Kg6
65. d5 Rxd5 66. Ke3 Re5 67. Kd4 Re8 68. Ke3 g4 69. Rf4 Kg5 70. Rf7 Kh4 71. Kf4
Kh3 72. Rh7+ Kg2 73. Rg7 e3 74. Rxg4+ Kf2 75. Rh4 e2 0-1

[Event "HEM"]
[Site "?"]
[Date "1995.??.??"]
[Round "?.1"]
[White "Meyer, F."]
[Black "Pajeken, W."]
[Result "1-0"]
[WhiteElo "2295"]
[BlackElo "2230"]
[PlyCount "59"]
[EventDate "1995.??.??"]

1. e4 Nf6 2. e5 Nd5 3. d4 d6 4. c4 Nb6 5. f4 dxe5 6. fxe5 Nc6 7. Be3 Bf5 8. Nc3
e6 9. Be2 Be7 10. Nf3 f6 11. O-O fxe5 12. d5 Nb4 13. Bxb6 axb6 14. Nxe5 Nc2 15.
Nf7 Ne3 16. Nxd8 Nxd1 17. Nxe6 Bxe6 18. Raxd1 Bd7 19. a3 Bf6 20. Bh5+ Kd8 21.
Rd3 Ba4 22. Bd1 Be8 23. Bg4 Ba4 24. d6 cxd6 25. Nxa4 Rxa4 26. Rxd6+ Kc7 27.
Rd7+ Kc6 28. Rfd1 Bxb2 29. Bf3+ Kc5 30. Rc7# 1-0

[Event "HEM"]
[Site "?"]
[Date "1995.??.??"]
[Round "?.1"]
[White "Wendt, J."]
[Black "Hochgraefe, M."]
[Result "1-0"]
[WhiteElo "2230"]
[BlackElo "2290"]
[PlyCount "77"]
[EventDate "1995.??.??"]

1. e4 e6 2. d4 d5 3. Nc3 Bb4 4. e5 c5 5. a3 Bxc3+ 6. bxc3 Ne7 7. h4 cxd4 8.
cxd4 Qa5+ 9. Bd2 Qa4 10. h5 h6 11. Nf3 b6 12. Rh4 Ba6 13. Rf4 Bxf1 14. Kxf1
Nbc6 15. Kg1 Rc8 16. Ne1 g5 17. Rg4 Nf5 18. c3 Qxd1 19. Rxd1 Na5 20. Kf1 Ke7
21. Ke2 Rc4 22. Nc2 Rhc8 23. Rh1 Nc6 24. f3 Na5 25. Rh3 Nb3 26. f4 gxf4 27.
Rxf4 Nxd2 28. Kxd2 Kf8 29. Rhf3 R4c7 30. g4 Ng7 31. Rf6 Kg8 32. Rxh6 Ne8 33. g5
Kg7 34. Ne3 b5 35. Ng4 a5 36. Nf6 Nxf6 37. exf6+ Kg8 38. g6 fxg6 39. hxg6 1-0

[Event "HEM"]
[Site "?"]
[Date "1995.??.??"]
[Round "?.1"]
[White "Mach, H."]
[Black "Zieher, H."]
[Result "1-0"]
[WhiteElo "2290"]
[BlackElo "2230"]
[PlyCount "71"]
[EventDate "1995.??.??"]

1. e4 e5 2. Nf3 Nc6 3. Bc4 Bc5 4. c3 Qe7 5. d4 Bb6 6. O-O d6 7. dxe5 dxe5 8. b4
Bg4 9. a4 a5 10. b5 Nd8 11. Nbd2 Nf6 12. Qc2 O-O 13. h3 Bh5 14. Nh4 Ne6 15. Ba3
Nc5 16. Nb3 Nfd7 17. Nf5 Qf6 18. Bc1 h6 19. Ne3 c6 20. Kh1 Rfd8 21. f3 Ne6 22.
Ng4 Bxg4 23. fxg4 Qg6 24. Rf5 Nf6 25. bxc6 bxc6 26. Bd2 Ng5 27. Bxg5 hxg5 28.
Raf1 Rd7 29. Nd2 Rad8 30. Nf3 Re7 31. Nxe5 Qh7 32. Nxf7 Rxf7 33. Bxf7+ Kxf7 34.
Qb3+ Ke7 35. Qxb6 Nxe4 36. Qc7+ 1-0

[Event "HEM"]
[Site "?"]
[Date "1995.??.??"]
[Round "?.1"]
[White "Hegeler, F."]
[Black "Reddmann, H."]
[Result "1/2-1/2"]
[WhiteElo "2225"]
[BlackElo "2285"]
[PlyCount "50"]
[EventDate "1995.??.??"]

1. d4 f5 2. Nf3 Nf6 3. g3 b6 4. Bg2 Bb7 5. O-O e6 6. c4 Bd6 7. Nc3 O-O 8. d5
Bb4 9. Nd4 Bxc3 10. bxc3 exd5 11. cxd5 Bxd5 12. Bxd5+ Nxd5 13. Qb3 c6 14. Ba3
Rf7 15. Nxf5 Rxf5 16. e4 Rf7 17. exd5 c5 18. c4 d6 19. Bb2 Nd7 20. Rae1 a6 21.
a4 Rb8 22. Re2 Nf8 23. Ba1 Qd7 24. Rb1 Ng6 25. Re6 Nf8 1/2-1/2

[Event "HEM"]
[Site "?"]
[Date "1995.??.??"]
[Round "?.1"]
[White "von Buelow, G."]
[Black "Beyer, H.J."]
[Result "1-0"]
[WhiteElo "2285"]
[BlackElo "2185"]
[PlyCount "83"]
[EventDate "1995.??.??"]

1. e4 e5 2. Nf3 Nc6 3. Nc3 d6 4. d4 exd4 5. Nxd4 Be7 6. Be3 Nf6 7. Be2 O-O 8.
O-O Bd7 9. f4 a6 10. a4 h6 11. h3 Re8 12. Qd2 Bf8 13. Bf3 Rb8 14. Rad1 Na5 15.
b3 c5 16. Nde2 Bc6 17. Ng3 Qc7 18. Nd5 Bxd5 19. exd5 b5 20. axb5 axb5 21. Rfe1
b4 22. Bf2 g6 23. h4 Bg7 24. f5 Rxe1+ 25. Rxe1 c4 26. fxg6 fxg6 27. Re3 h5 28.
Qe1 Kf8 29. Ne2 cxb3 30. Nf4 Qc4 31. Ne6+ Kg8 32. cxb3 Nxb3 33. Nxg7 Kxg7 34.
Re7+ Kh8 35. Qe6 Qc1+ 36. Kh2 Ng8 37. Qxd6 Rf8 38. Qe5+ Nf6 39. Rc7 Qa1 40. Qg5
Ng8 41. Qxg6 Qf6 42. Qh7# 1-0

[Event "HEM"]
[Site "?"]
[Date "1995.??.??"]
[Round "?.1"]
[White "Sack, B.W."]
[Black "Guzman, E."]
[Result "1-0"]
[WhiteElo "2185"]
[BlackElo "2280"]
[PlyCount "57"]
[EventDate "1995.??.??"]

1. Nf3 Nf6 2. d4 e6 3. g3 b6 4. Bg2 Ba6 5. O-O d5 6. Nbd2 Be7 7. c4 c6 8. Qc2
O-O 9. b3 Nbd7 10. Rd1 Rc8 11. Bb2 c5 12. e4 cxd4 13. exd5 exd5 14. Nxd4 dxc4
15. Nc6 Rxc6 16. Bxc6 Qc7 17. Bg2 Rc8 18. Rac1 b5 19. bxc4 bxc4 20. Bxf6 Nxf6
21. Qa4 Bc5 22. Qxa6 Bxf2+ 23. Kh1 Re8 24. Qxc4 Qe5 25. Qf4 Qxf4 26. gxf4 Be3
27. Bf3 Bxf4 28. Rc4 g5 29. Ne4 1-0

[Event "HEM"]
[Site "?"]
[Date "1995.??.??"]
[Round "?.1"]
[White "Dankert, P."]
[Black "Schulze, S."]
[Result "1-0"]
[WhiteElo "2275"]
[BlackElo "2165"]
[PlyCount "93"]
[EventDate "1995.??.??"]

1. d4 Nf6 2. c4 c5 3. d5 e6 4. Nc3 exd5 5. cxd5 d6 6. e4 g6 7. Nf3 Bg7 8. h3
O-O 9. Bd3 a6 10. a4 Nbd7 11. O-O Ne8 12. Re1 Ne5 13. Nxe5 Bxe5 14. Be3 Bg7 15.
Qd2 Bd7 16. a5 Nc7 17. Bg5 Bf6 18. Bxf6 Qxf6 19. e5 dxe5 20. Ne4 Qd8 21. Bc4
Nb5 22. Qh6 f6 23. f4 exf4 24. d6+ Kh8 25. Ng5 fxg5 26. Re7 Qxe7 27. dxe7 Rf5
28. Bd3 Rf7 29. Qxg5 Kg7 30. Qxc5 Re8 31. Re1 Bc6 32. Bc4 Rf5 33. Re5 Rf6 34.
Bd5 Bxd5 35. Qxd5 Nd6 36. Qd4 Kf7 37. Qd5+ Kg7 38. b4 h5 39. Qc5 Kf7 40. Qd5+
Kg7 41. Re1 h4 42. Re2 Nf5 43. Qxb7 Nd4 44. Rd2 Nb5 45. Rd8 Kf7 46. Qd5+ Kxe7
47. Qd7+ 1-0

[Event "HEM"]
[Site "?"]
[Date "1995.??.??"]
[Round "?.1"]
[White "Groeppel, P."]
[Black "Rostalski, W."]
[Result "1/2-1/2"]
[WhiteElo "2115"]
[BlackElo "2275"]
[PlyCount "66"]
[EventDate "1995.??.??"]

1. d4 Nf6 2. c4 g6 3. Nc3 Bg7 4. e4 d6 5. Nge2 O-O 6. Ng3 e5 7. d5 Nbd7 8. h4
h5 9. Bg5 Re8 10. Bd3 Nf8 11. f3 N8h7 12. Be3 c5 13. Qd2 a6 14. a4 Bd7 15. Bh6
Qa5 16. Bxg7 Kxg7 17. Ra3 Rab8 18. Nf1 Qd8 19. Ne3 Rh8 20. Kd1 Ne8 21. Kc2 Nc7
22. g4 Nf6 23. g5 Nh7 24. Rb3 b6 25. Qh2 Qe7 26. Ra3 Rhf8 27. Raa1 Rb7 28. Nf5+
gxf5 29. exf5 Kh8 30. f6 Nxf6 31. gxf6 Qxf6 32. Ne4 Qh6 33. Rhg1 f5 1/2-1/2

[Event "HEM"]
[Site "?"]
[Date "1995.??.??"]
[Round "?.2"]
[White "Dankert, P."]
[Black "Joecks, C."]
[Result "1/2-1/2"]
[WhiteElo "2275"]
[BlackElo "2370"]
[PlyCount "42"]
[EventDate "1995.??.??"]

1. d4 Nf6 2. c4 g6 3. Nc3 Bg7 4. e4 d6 5. Nf3 O-O 6. h3 e5 7. d5 Nbd7 8. Bg5 a5
9. g4 Nc5 10. Nd2 c6 11. Qf3 Bd7 12. Be2 a4 13. O-O h6 14. Be3 Qa5 15. Rfe1
Rfc8 16. Qg2 cxd5 17. cxd5 b5 18. f3 Rab8 19. Rab1 Qd8 20. Qf1 Qe8 21. b4 axb3
1/2-1/2

[Event "HEM"]
[Site "?"]
[Date "1995.??.??"]
[Round "?.2"]
[White "Kunsztowicz, U."]
[Black "Wendt, J."]
[Result "1/2-1/2"]
[WhiteElo "2315"]
[BlackElo "2230"]
[PlyCount "67"]
[EventDate "1995.??.??"]

1. Nf3 Nf6 2. c4 g6 3. g3 Bg7 4. Bg2 O-O 5. O-O Nc6 6. d4 d5 7. cxd5 Nxd5 8.
Nc3 Nb6 9. e3 e5 10. d5 Na5 11. e4 c6 12. Bg5 f6 13. Be3 cxd5 14. Bxb6 Qxb6 15.
Nxd5 Qd8 16. b4 Nc6 17. Qb3 Rf7 18. b5 Na5 19. Qc3 Be6 20. Rac1 Rc8 21. Qe3
Rxc1 22. Rxc1 b6 23. Qc3 Bf8 24. h4 h5 25. Nd2 Bc5 26. Nf1 Bxd5 27. exd5 Nb7
28. Nd2 Rc7 29. Qb2 Kg7 30. Ne4 Bd4 31. Rxc7+ Qxc7 32. Qa3 Nc5 33. Nxc5 Bxc5
34. Qb2 1/2-1/2

[Event "HEM"]
[Site "?"]
[Date "1995.??.??"]
[Round "?.2"]
[White "Ritscher, J.P."]
[Black "Sack, B.W."]
[Result "1/2-1/2"]
[WhiteElo "2300"]
[BlackElo "2185"]
[PlyCount "60"]
[EventDate "1995.??.??"]

1. e4 e6 2. d4 d5 3. e5 c5 4. c3 Ne7 5. Nf3 Nd7 6. Bd3 cxd4 7. cxd4 Nc6 8. O-O
Be7 9. Nc3 Nb6 10. Be3 Bd7 11. Nd2 O-O 12. f4 Rc8 13. Qh5 g6 14. Qh6 f5 15. g4
Rf7 16. Kh1 Nb4 17. gxf5 exf5 18. Bb1 Nc4 19. Nxc4 dxc4 20. a3 Bc6+ 21. Kg1 Nd5
22. Qh3 Nxc3 23. bxc3 Qd5 24. Kf2 b5 25. Bc2 a5 26. Rfc1 Bd8 27. Bd1 Qe4 28.
Bc2 Qd5 29. Bd1 Qe4 30. Bc2 Qd5 1/2-1/2

[Event "HEM"]
[Site "?"]
[Date "1995.??.??"]
[Round "?.2"]
[White "Voigt, M."]
[Black "Meyer, F."]
[Result "1/2-1/2"]
[WhiteElo "2260"]
[BlackElo "2295"]
[PlyCount "106"]
[EventDate "1995.??.??"]

1. e4 d6 2. d4 Nf6 3. Nc3 c6 4. a4 Qa5 5. Bd2 e5 6. Nd5 Qd8 7. Nxf6+ Qxf6 8.
Bc3 Be7 9. dxe5 dxe5 10. Qh5 Nd7 11. Bc4 Qg6 12. Qxg6 hxg6 13. Nf3 f6 14. b4 b6
15. Nd2 Bd6 16. Ke2 Ke7 17. Nf1 a5 18. bxa5 bxa5 19. Ne3 Nb6 20. Bd3 Be6 21.
Rhb1 Bc5 22. h3 Rhb8 23. Rb2 Kd7 24. h4 Kc7 25. Bd2 Bd4 26. c3 Bc5 27. g3 Rd8
28. f4 Rab8 29. Rab1 exf4 30. gxf4 Ba3 31. Rc2 Nxa4 32. Ra1 Nb2 33. Rxa3 Nxd3
34. f5 Bb3 35. c4 Bxc2 36. Bxa5+ Kb7 37. Bxd8 Rxd8 38. Nxc2 Ne5 39. fxg6 Nxc4
40. Rb3+ Kc7 41. Rc3 Ne5 42. Rg3 Rh8 43. Nd4 Rxh4 44. Ne6+ Kd7 45. Nxg7 Rxe4+
46. Kd2 Rd4+ 47. Kc3 Ra4 48. Kb3 Ra8 49. Nf5 Rg8 50. g7 Nf7 51. Re3 Ne5 52. Rh3
Nf7 53. Re3 Ne5 1/2-1/2

[Event "HEM"]
[Site "?"]
[Date "1995.??.??"]
[Round "?.2"]
[White "Maahs, E."]
[Black "Mach, H."]
[Result "0-1"]
[WhiteElo "2235"]
[BlackElo "2290"]
[PlyCount "122"]
[EventDate "1995.??.??"]

1. e4 c5 2. Nc3 Nc6 3. f4 g6 4. Nf3 Bg7 5. Bb5 Nd4 6. O-O Nxb5 7. Nxb5 d6 8. c4
Nf6 9. d3 O-O 10. Qe1 a6 11. Nc3 e6 12. Kh1 Bd7 13. e5 Ne8 14. Be3 b6 15. d4
cxd4 16. Bxd4 Qc7 17. b3 Bc6 18. a4 Rb8 19. Qe3 dxe5 20. fxe5 Qb7 21. a5 bxa5
22. Bc5 Bxf3 23. gxf3 Qc7 24. Bxf8 Kxf8 25. Ne4 Bxe5 26. Ra2 Kg7 27. f4 Bf6 28.
Nxf6 Nxf6 29. Qc3 Rb4 30. Rf3 Qc5 31. Kg2 h6 32. h3 Qf5 33. Qa1 Kh7 34. Rxa5
Qc2+ 35. Kg1 Rxb3 36. Rxb3 Qxb3 37. Ra3 Qxc4 38. Ra4 Qc5+ 39. Kf1 Qb5+ 40. Ke1
Nd5 41. Kd2 Qb3 42. Qd4 Qxh3 43. Rc4 Qg2+ 44. Ke1 Qg3+ 45. Ke2 h5 46. Kd2 a5
47. Qa7 Kg7 48. Qd4+ Kh7 49. Qa7 Kg7 50. Qd4+ Nf6 51. Kc2 Qg2+ 52. Kc1 h4 53.
Rc8 Qh1+ 54. Kd2 h3 55. Qd8 Qd5+ 56. Ke3 Qxd8 57. Rxd8 a4 58. Rd2 h2 59. Rd1 a3
60. Kf3 Nd5 61. Kg2 Ne3+ 0-1

[Event "HEM"]
[Site "?"]
[Date "1995.??.??"]
[Round "?.2"]
[White "Reddmann, H."]
[Black "Groeppel, P."]
[Result "1-0"]
[WhiteElo "2285"]
[BlackElo "2115"]
[PlyCount "48"]
[EventDate "1995.??.??"]

1. d4 Nf6 2. Bg5 d5 3. Nc3 Nbd7 4. f3 h6 5. Bh4 c5 6. dxc5 Qa5 7. Bxf6 Nxf6 8.
Qd4 Bd7 9. b4 Qc7 10. e4 e5 11. Nxd5 Nxd5 12. Qxd5 Be7 13. Rd1 a5 14. a3 Rd8
15. Qb3 axb4 16. axb4 O-O 17. Bc4 b6 18. Ne2 bxc5 19. b5 Bh4+ 20. g3 Bh3 21.
gxh4 Rxd1+ 22. Kxd1 Qd8+ 23. Kc1 Qxh4 24. Rd1 Qf2 1-0

[Event "HEM"]
[Site "?"]
[Date "1995.??.??"]
[Round "?.2"]
[White "Rostalski, W."]
[Black "Hegeler, F."]
[Result "1/2-1/2"]
[WhiteElo "2275"]
[BlackElo "2225"]
[PlyCount "41"]
[EventDate "1995.??.??"]

1. e4 c5 2. Nf3 Nc6 3. Bb5 e6 4. Bxc6 bxc6 5. d3 Ne7 6. O-O Ng6 7. Nbd2 e5 8.
Nc4 d6 9. Ne3 Nf4 10. Nf5 g6 11. Ng3 Qf6 12. Ne1 h5 13. Ne2 g5 14. c4 Bh6 15.
Nc2 h4 16. Ne3 Ke7 17. f3 Qg6 18. h3 Be6 19. Kh2 Kd7 20. Nc3 Nh5 21. Ng4
1/2-1/2

[Event "HEM"]
[Site "?"]
[Date "1995.??.??"]
[Round "?.2"]
[White "Pajeken, W."]
[Black "Menk, R."]
[Result "1-0"]
[WhiteElo "2230"]
[BlackElo "2305"]
[PlyCount "121"]
[EventDate "1995.??.??"]

1. d4 g6 2. Nf3 Bg7 3. g3 d6 4. Bg2 Bg4 5. h3 Bxf3 6. exf3 d5 7. f4 c6 8. O-O
e6 9. c3 Ne7 10. Nd2 Nd7 11. Nf3 O-O 12. b3 c5 13. Bb2 Qb6 14. dxc5 Nxc5 15.
Qe2 Nc6 16. Rfd1 Rfd8 17. h4 Ne4 18. Nd4 Nxc3 19. Bxc3 Nxd4 20. Bxd4 Bxd4 21.
Rac1 Rac8 22. Bh3 Bc5 23. Kg2 Rc6 24. h5 Rdc8 25. hxg6 hxg6 26. g4 Qc7 27. Qf3
Bb6 28. Rxc6 Qxc6 29. f5 d4 30. fxe6 fxe6 31. Rd3 g5 32. Qxc6 Rxc6 33. Kg3 Rc3
34. Bf1 Rc1 35. Bg2 Rc2 36. Bxb7 Rxa2 37. Rf3 Kg7 38. Bc8 Re2 39. Ba6 Bc7+ 40.
Kh3 Re1 41. Rd3 Bb6 42. Kg2 Kf6 43. Kf3 e5 44. Bb7 Ke6 45. Rd2 Rb1 46. Ke4 Kd6
47. Rd3 Re1+ 48. Kf5 Bd8 49. Be4 Re2 50. f3 Re3 51. b4 Be7 52. Rd1 Rb3 53. Ra1
Rxb4 54. Ra6+ Rb6 55. Rxa7 Bd8 56. Ra5 Rb4 57. Rd5+ Kc7 58. Kxe5 d3 59. Bf5 Rb3
60. Rd7+ Kc6 61. Rxd8 1-0

[Event "HEM"]
[Site "?"]
[Date "1995.??.??"]
[Round "?.2"]
[White "Hochgraefe, M."]
[Black "Nogly, C."]
[Result "1/2-1/2"]
[WhiteElo "2290"]
[BlackElo "2230"]
[PlyCount "129"]
[EventDate "1995.??.??"]

1. c4 e6 2. Nc3 d5 3. d4 c6 4. e3 Nf6 5. Nf3 Nbd7 6. Qc2 Bd6 7. Be2 O-O 8. O-O
Qe7 9. e4 dxe4 10. Nxe4 Nxe4 11. Qxe4 e5 12. Bg5 Nf6 13. Bxf6 gxf6 14. Rad1 f5
15. Qh4 Qxh4 16. Nxh4 e4 17. f4 c5 18. d5 Be7 19. g3 Bf6 20. b3 Bd4+ 21. Kh1
Bd7 22. Rfe1 Kg7 23. Bf1 h5 24. Ng2 Rh8 25. Ne3 h4 26. g4 fxg4 27. Nc2 Bf6 28.
Rxe4 Rae8 29. Rxe8 Rxe8 30. Re1 Rxe1 31. Nxe1 Bf5 32. Bd3 Kg6 33. h3 gxh3 34.
Kh2 b6 35. d6 Bd8 36. d7 Bc7 37. Bxf5+ Kxf5 38. Nd3 f6 39. Kxh3 Ke4 40. Nf2+
Kxf4 41. Kxh4 Kf5 42. Kh5 Bd8 43. Ng4 Ke6 44. Kg6 f5 45. Nh2 f4 46. Nf3 Bc7 47.
Ng5+ Kxd7 48. Nh3 f3 49. Kh5 Ke6 50. Kg4 f2 51. Nxf2 Ke5 52. Kf3 Kd4 53. Ke2
Kc3 54. Kd1 Kb2 55. Nd3+ Kxa2 56. Kc2 Bd6 57. Nf2 Ka3 58. Ng4 a6 59. Ne3 b5 60.
cxb5 axb5 61. Nd5 Be5 62. Nb6 Ka2 63. Nd5 Bd4 64. Nb6 c4 65. Nxc4 1/2-1/2

[Event "HEM"]
[Site "?"]
[Date "1995.??.??"]
[Round "?.2"]
[White "Guzman, E."]
[Black "Zieher, H."]
[Result "1-0"]
[WhiteElo "2280"]
[BlackElo "2230"]
[PlyCount "75"]
[EventDate "1995.??.??"]

1. e4 e5 2. Nf3 Nc6 3. Bb5 a6 4. Ba4 Nf6 5. O-O Be7 6. Re1 b5 7. Bb3 d6 8. c3
O-O 9. h3 Na5 10. Bc2 c5 11. d4 Qc7 12. Nbd2 cxd4 13. cxd4 Bd7 14. Bd3 Nc6 15.
Nb3 Nb4 16. Bb1 a5 17. a3 Nc6 18. d5 Nd8 19. Be3 Nb7 20. Qe2 a4 21. Rc1 Qb8 22.
Nbd2 Na5 23. g4 Rc8 24. Bd3 Qb7 25. Qd1 b4 26. Rxc8+ Rxc8 27. axb4 Qxb4 28. Bc2
h5 29. g5 Ne8 30. Kg2 Qxb2 31. Bxa4 Bxa4 32. Qxa4 Ra8 33. Nb3 Nxb3 34. Qxa8
Qxa1 35. Qxe8+ Bf8 36. g6 fxg6 37. Ng5 Qa7 38. Bxa7 1-0

[Event "HEM"]
[Site "?"]
[Date "1995.??.??"]
[Round "?.2"]
[White "Beyer, H.J."]
[Black "Putzbach, G."]
[Result "0-1"]
[WhiteElo "2185"]
[BlackElo "2260"]
[PlyCount "111"]
[EventDate "1995.??.??"]

1. d4 d5 2. e3 Nf6 3. Bd3 Bg4 4. f3 Bh5 5. Ne2 e6 6. Ng3 Bg6 7. c3 c5 8. O-O
Nc6 9. f4 c4 10. Bc2 Bxc2 11. Qxc2 g6 12. Nd2 h5 13. e4 h4 14. Ne2 h3 15. g3 b5
16. e5 Ng4 17. Nf3 Ne7 18. Ng5 Nf5 19. Rf3 Be7 20. Bd2 a5 21. a3 Kf8 22. Qc1
Qb6 23. Kh1 Kg7 24. Ng1 Rh5 25. Qd1 Rah8 26. Qe2 Nfh6 27. Rff1 Qb7 28. Qf3 Ra8
29. Rfb1 b4 30. Ne2 bxa3 31. bxa3 Qc7 32. a4 Rb8 33. Rb5 Rxb5 34. axb5 Qb6 35.
Rb1 a4 36. Nc1 a3 37. Na2 Bd8 38. Kg1 Qa5 39. Qd1 Bb6 40. Rb4 Qa7 41. Bc1 Ba5
42. Rb1 Qb6 43. Bd2 Qa7 44. Bc1 Bb6 45. Rb4 Qc7 46. Qe2 Kg8 47. Rb1 Qa7 48. Qd1
Nf5 49. Qxg4 Bxd4+ 50. Kh1 Bf2 51. Qf3 Qa4 52. Qe2 Rxg5 53. fxg5 d4 54. Nb4
dxc3 55. Bf4 Bc5 56. Nc2 0-1

[Event "HEM"]
[Site "?"]
[Date "1995.??.??"]
[Round "?.2"]
[White "Schulze, S."]
[Black "Schulz, H.J."]
[Result "1-0"]
[WhiteElo "2165"]
[BlackElo "2245"]
[PlyCount "97"]
[EventDate "1995.??.??"]

1. c4 e5 2. Nc3 Nf6 3. g3 d5 4. cxd5 Nxd5 5. Bg2 Be6 6. Nf3 Nc6 7. d3 Be7 8.
O-O O-O 9. Bd2 Nb6 10. Rc1 f5 11. a3 a5 12. Be3 Qe8 13. Nb5 Nd5 14. Bc5 Rc8 15.
Bxe7 Qxe7 16. Nd2 Qf7 17. Nc3 Nb6 18. Nb5 Rcd8 19. Qc2 Rd7 20. Bxc6 bxc6 21.
Qxc6 Bd5 22. Qc2 Kh8 23. Nc3 Be6 24. Nf3 Qf6 25. b4 axb4 26. axb4 g5 27. Na4
Nxa4 28. Qxa4 e4 29. Ne1 Rg7 30. Qa1 Qf7 31. Rc5 Kg8 32. Qc1 Bd5 33. dxe4 fxe4
34. Qe3 Qe6 35. Nc2 Rf6 36. Nd4 Qd7 37. Rfc1 c6 38. Ra5 h6 39. Ra8+ Kh7 40. Ra5
Rgf7 41. Rf1 Qc7 42. Rc5 Qd6 43. Nc2 Qd7 44. Qd4 Qg4 45. Qd2 Qh3 46. Ne3 Rf4
47. Nxd5 cxd5 48. Qxd5 Rd7 49. Qe5 1-0

[Event "HEM"]
[Site "?"]
[Date "1995.??.??"]
[Round "?.3"]
[White "Mach, H."]
[Black "von Buelow, G."]
[Result "1/2-1/2"]
[WhiteElo "2290"]
[BlackElo "2285"]
[PlyCount "86"]
[EventDate "1995.??.??"]

1. e4 e5 2. Nf3 Nc6 3. Bc4 Nf6 4. d4 exd4 5. e5 d5 6. Bb5 Ne4 7. Nxd4 Bd7 8.
Bxc6 bxc6 9. O-O Bc5 10. Be3 O-O 11. f3 Ng5 12. f4 Ne4 13. Nd2 f5 14. Nxe4 fxe4
15. Qd2 Qe7 16. Kh1 Bb6 17. Nb3 g5 18. g3 Bg4 19. Nd4 Qd7 20. b4 Bxd4 21. Qxd4
Bf3+ 22. Rxf3 exf3 23. Rf1 Qf5 24. Rxf3 Qxc2 25. Rf2 Qb1+ 26. Kg2 a5 27. Bd2
axb4 28. Bxb4 Rf5 29. a3 Qe4+ 30. Qxe4 dxe4 31. Kf1 Rd8 32. Ke2 Rd3 33. Rf1 Kf7
34. Rc1 gxf4 35. gxf4 Rxf4 36. Rxc6 Ke8 37. Rxc7 Rh4 38. e6 Rxh2+ 39. Ke1 Rh6
40. e7 Rdd6 41. Bxd6 Rxd6 42. Rc4 Re6 43. Ke2 Rxe7 1/2-1/2

[Event "HEM"]
[Site "?"]
[Date "1995.??.??"]
[Round "?.3"]
[White "Sack, B.W."]
[Black "Kunsztowicz, U."]
[Result "1-0"]
[WhiteElo "2185"]
[BlackElo "2315"]
[PlyCount "65"]
[EventDate "1995.??.??"]

1. Nf3 g6 2. d4 Nf6 3. g3 Bg7 4. Bg2 O-O 5. c4 d6 6. O-O Nc6 7. Nc3 Rb8 8. d5
Na5 9. b3 c5 10. dxc6 bxc6 11. Bd2 e5 12. e4 c5 13. Rc1 h6 14. Re1 Nc6 15. Nd5
Nxd5 16. cxd5 Ne7 17. Bc3 f5 18. Nd2 Ba6 19. f3 f4 20. g4 Nc8 21. Bf1 Bb7 22.
Nc4 h5 23. gxh5 Qg5+ 24. Kh1 Qxh5 25. Bd3 g5 26. Rg1 Rf6 27. Rc2 Rh6 28. Rg4
Kf7 29. Rcg2 Bf6 30. Qg1 Ke7 31. Bxe5 Qh3 32. Bxf6+ Kxf6 33. Qa1+ 1-0

[Event "HEM"]
[Site "?"]
[Date "1995.??.??"]
[Round "?.3"]
[White "Wendt, J."]
[Black "Ritscher, J.P."]
[Result "1/2-1/2"]
[WhiteElo "2230"]
[BlackElo "2300"]
[PlyCount "80"]
[EventDate "1995.??.??"]

1. d4 d5 2. c4 e6 3. Nf3 f5 4. g3 Nf6 5. Bg2 c6 6. O-O Bd6 7. b3 b5 8. Bf4 Bxf4
9. gxf4 O-O 10. Ne5 Bb7 11. Nd2 dxc4 12. bxc4 Qxd4 13. e3 Qb6 14. cxb5 cxb5 15.
Ndc4 bxc4 16. Rb1 Bxg2 17. Rxb6 Bxf1 18. Rxe6 Bd3 19. Rd6 a5 20. Nxd3 cxd3 21.
Qxd3 Nbd7 22. Rxd7 Nxd7 23. Qxd7 a4 24. h4 a3 25. h5 h6 26. Kg2 Kh8 27. Kg3 Ra5
28. Qd6 Rc8 29. Qd7 Rac5 30. Qa4 Rc3 31. Qd7 Rf8 32. Qd4 Rcc8 33. Qb4 Ra8 34.
Qc5 Rf6 35. Qe7 Kh7 36. e4 Rff8 37. e5 Kg8 38. Qd6 Kh8 39. Kg2 Rfd8 40. Qe6 Rf8
1/2-1/2